Research and reporting activities in legal problems of education / (Record no. 34310)

MARC details
000 -LEADER
fixed length control field 00914cam a22002651a 4500
001 - CONTROL NUMBER
control field hew61000085
003 - CONTROL NUMBER IDENTIFIER
control field DLC
005 - DATE AND TIME OF LATEST TRANSACTION
control field 20260227111511.0
008 - FIXED-LENGTH DATA ELEMENTS--GENERAL INFORMATION
fixed length control field 840319s1961 dcu b 000 0 eng c
010 ## - LIBRARY OF CONGRESS CONTROL NUMBER
LC control number hew61000085
035 ## - SYSTEM CONTROL NUMBER
System control number (OCoLC)10534604
040 ## - CATALOGING SOURCE
Original cataloging agency U.S. Dept. of Health, Education, and Welfare
Transcribing agency Nj
Modifying agency Nj
-- OCoLC
-- DLC
042 ## - AUTHENTICATION CODE
Authentication code premarc
043 ## - GEOGRAPHIC AREA CODE
Geographic area code n-us---
050 00 - LIBRARY OF CONGRESS CALL NUMBER
Classification number LAW <United States>
100 1# - MAIN ENTRY--PERSONAL NAME
Personal name McGhehey, M. A.
245 10 - TITLE STATEMENT
Title Research and reporting activities in legal problems of education /
Statement of responsibility, etc. by M.A. McGhehey.
260 ## - PUBLICATION, DISTRIBUTION, ETC.
Place of publication, distribution, etc. Washington, D.C. :
Name of publisher, distributor, etc. U.S. Dept. of Health, Education, and Welfare, Office of Education,
Date of publication, distribution, etc. 1961.
300 ## - PHYSICAL DESCRIPTION
Extent vii, 21 p. ;
Dimensions 23 cm.
500 ## - GENERAL NOTE
General note "OE-23011."
504 ## - BIBLIOGRAPHY, ETC. NOTE
Bibliography, etc. note Bibliography: p. 20-21.
650 #0 - SUBJECT ADDED ENTRY--TOPICAL TERM
Topical term or geographic name entry element Educational law and legislation.
650 #0 - SUBJECT ADDED ENTRY--TOPICAL TERM
Topical term or geographic name entry element Educational law and legislation
General subdivision Research.
710 1# - ADDED ENTRY--CORPORATE NAME
Corporate name or jurisdiction name as entry element United States.
Subordinate unit Office of Education.

No items available.

Powered by Koha